000 00619nam a2200181 a 4500
001 1572
005 20140414131958.0
008 010503s19uu xx 00 eng d
020 _a0-590-49213-6
050 _aTR 808
_bM72 1992
100 _aMoen, Christine Boardman
245 _aBetter than book reports, grades 2-6 :
_bmore than 40 creative responses to literature /
_cby Christine Boardman Moen ; illustrations by Clare Sup.
260 _aJefferson City, MO :
_bScholastic Professional Books,
_c1992.
300 _a128 p. : ill. ; cm.
440 _aInstructor books
650 _aBook reports.
999 _c112988
_d112988